00649nam a2200241 a 4500001001300000003000900013005001700022008004100039020000800080082001300088100001500101245002800116260005100144300000900195500003500204505001000239650002200249700001500271902000800286942000700294952009100301999001500392nice12345678IN_TiNIC20260116011524.0050524s1936 lona grp 000 0 eng  ac000a253bOMA aOman, John aConcerning the Ministry aLondonbStudent Christian Movement Pressc1936 a248p aincludes index and biblioraphy2 aIndex aPastoral Theology1 aOman, John bSRS cBK 00104070aHMIbHMId2005-05-24g0.00l0o253 OMAp1390r2005-05-24w2026-01-16yARB c2285d2285